Cedulario de la metrópoli mexicana (Record no. 10419)

MARC details
000 -CABECERA
campo de control de longitud fija 00843nam a2200241 a 4500
001 - NÚMERO DE CONTROL
campo de control BRL_1610
005 - FECHA Y HORA DE LA ÚLTIMA TRANSACCIÓN
campo de control 20190320211304.0
008 - DATOS DE LONGITUD FIJA--INFORMACIÓN GENERAL
campo de control de longitud fija 140414s1960----mx-a######---#000-0#spa-#
041 ## - CÓDIGO DE LENGUA
Código de lengua del texto/banda sonora o título independiente spa
044 ## - CÓDIGO DEL PAÍS DE LA ENTIDAD EDITORA/PRODUCTORA
Código MARC del país mx
050 #4 - SIGNATURA TOPOGRÁFICA DE LA BIBLIOTECA DEL CONGRESO
Número de clasificación F1386
Número de documento/Ítem .D76 1960
100 1# - ENTRADA PRINCIPAL--NOMBRE DE PERSONA
Nombre de persona Dromundo, Baltazar
9 (RLIN) 27436
245 10 - MENCIÓN DE TÍTULO
Título Cedulario de la metrópoli mexicana
Mención de responsabilidad, etc. presentación de Baltazar Dromundo ; selección y notas de Guadalupe Pérez San Vicente.
260 ## - PUBLICACIÓN, DISTRIBUCIÓN, ETC.
Lugar de publicación, distribución, etc. México
Nombre del editor, distribuidor, etc. Departamende del Distrito Federal, Dirección de Accción Social
Fecha de publicación, distribución, etc. 1960
300 ## - DESCRIPCIÓN FÍSICA
Extensión 63 p.
Otras características físicas il.
Dimensiones 32 cm.
500 ## - NOTA GENERAL
Nota general Au872
500 ## - NOTA GENERAL
Nota general En la portada: ´VII Feria Mexicana del Libro´
651 #4 - PUNTO DE ACCESO ADICIONAL DE MATERIA--NOMBRE GEOGRÁFICO
Nombre geográfico Ciudad de México
Subdivisión general Historia
9 (RLIN) 691
651 #4 - PUNTO DE ACCESO ADICIONAL DE MATERIA--NOMBRE GEOGRÁFICO
Nombre geográfico Ciudad de México
Subdivisión general Vida social y costumbres
9 (RLIN) 27437
700 1# - PUNTO DE ACCESO ADICIONAL--NOMBRE DE PERSONA
Nombre de persona Pérez San Vicente, Guadalupe
9 (RLIN) 27438
902 ## - CATALOGADOR
Iniciales GRL
942 ## - ELEMENTOS DE PUNTO DE ACCESO ADICIONAL (KOHA)
Fuente del sistema de clasificación o colocación Library of Congress Classification
Tipo de ítem Koha Libros
Holdings
Estado de retiro Estado de pérdida Estado dañado No para préstamo Localización permanente Ubicación/localización actual Fecha de adquisición Número de inventario Total de préstamos Signatura topográfica completa Código de barras Fecha visto por última vez Precio válido a partir de Tipo de ítem Koha
El ejemplar forma parte de la colección y puede ser consultado según las políticas vigentes.       Biblioteca Centro de Estudios Ruth D. Lechuga Biblioteca Centro de Estudios Ruth D. Lechuga 14/04/2014 Au872   F1386 .D76 1960 (Au872) GRL01770 22/03/2019 22/03/2019 Libros